Helicopter blade dynamic loads measured during performance testing of two scaled rotors /
Saved in:
| Main Author: | |
|---|---|
| Corporate Author: | |
| Format: | Government Document Microfilm Book |
| Language: | English |
| Published: |
[Washington, D.C.] : [Springfield, Va.] :
National Aeronautics and Space Administration, Scientific and Technical Information Office ; [National Technical Information Service, distributor],
1987.
|
| Series: | NASA technical memorandum ;
89053. AVSCOM technical memorandum ; 87-B-7. |
| Subjects: |
MARC
| LEADER | 00000nam a2200000 a 4500 | ||
|---|---|---|---|
| 001 | 001422708 | ||
| 005 | 20260604061649.3 | ||
| 007 | he bmb024bbca | ||
| 008 | 911218s1987 dcua bbt f000 0 eng d | ||
| 035 | |a (OCoLC)24991335 | ||
| 035 | 9 | |a AGM5123^^^^^ | |
| 035 | |a (ndu)001422708 | ||
| 037 | |a N 87-24423 |b NASA | ||
| 040 | |d GPO |d DLC |d MvI |d UtOrBLW | ||
| 049 | |a DOCF | ||
| 074 | |a 0830-D (M) | ||
| 086 | 0 | |a NAS 1.15:89053 | |
| 099 | |a NAS 1.15:89053 | ||
| 100 | 1 | |a Berry, John D. |0 http://id.loc.gov/authorities/names/n81036094 | |
| 245 | 1 | 0 | |a Helicopter blade dynamic loads measured during performance testing of two scaled rotors / |c John D. Berry. |
| 260 | |a [Washington, D.C.] : |b National Aeronautics and Space Administration, Scientific and Technical Information Office ; |a [Springfield, Va.] : |b [National Technical Information Service, distributor], |c 1987. | ||
| 300 | |a iii, 45 pages : |b illustrations ; |c 28 cm. | ||
| 336 | |a text |b txt |2 rdacontent |0 http://rdaregistry.info/termList/RDAContentType/1020 | ||
| 337 | |a microform |b h |2 rdamedia |0 http://rdaregistry.info/termList/RDAMediaType/1002 | ||
| 338 | |a microfiche |b he |2 rdacarrier |0 http://rdaregistry.info/termList/RDACarrierType/1022 | ||
| 340 | |a safety base |2 rdamat |0 http://rdaregistry.info/termList/RDAMaterial/1033 | ||
| 340 | |c diazo emulsion |2 rdamat |0 http://rdaregistry.info/termList/RDAMaterial/1046 | ||
| 340 | |f normal reduction |2 rdarr |0 http://rdaregistry.info/termList/RDAReductionRatio/1002 | ||
| 340 | |g monochrome |2 rdacc |0 http://rdaregistry.info/termList/RDAColourContent/1002 | ||
| 340 | |j service copy |2 rdagen |0 http://rdaregistry.info/termList/RDAGeneration/1014 | ||
| 340 | |o negative |2 rdapo |0 http://rdaregistry.info/termList/RDAPolarity/1002 | ||
| 340 | |p illustration |2 rdaill |0 http://rdaregistry.info/termList/IllusContent/1014 | ||
| 340 | |b 11x15 cm | ||
| 490 | 1 | |a NASA technical memorandum ; |v 89053 | |
| 490 | 1 | |a AVSCOM technical memorandum ; |v 87-B-7 | |
| 500 | |a Cover title. | ||
| 500 | |a Distributed to depository libraries in microfiche. | ||
| 504 | |a Includes bibliographical references (p. 7). | ||
| 533 | |a Microfiche. |b [Washington, D.C.? : |c National Aeronautics and Space Administration, |d 1987] |e 1 microfiche : negative. | ||
| 650 | 0 | |a Helicopters. |0 http://id.loc.gov/authorities/subjects/sh85060007 | |
| 650 | 0 | |a Rotors. |0 http://id.loc.gov/authorities/subjects/sh85115506 | |
| 650 | 0 | |a Rotors (Helicopters) |x Aerodynamics. |0 http://id.loc.gov/authorities/subjects/sh85115511 | |
| 650 | 7 | |a Helicopters. |2 fast |0 (OCoLC)fst00954597 | |
| 650 | 7 | |a Rotors. |2 fast |0 (OCoLC)fst01100660 | |
| 650 | 7 | |a Rotors (Helicopters) |x Aerodynamics. |2 fast |0 (OCoLC)fst01100678 | |
| 650 | 7 | |a Rotors (Helicopters) |2 fast |0 (OCoLC)fst01100677 | |
| 710 | 1 | |a United States. |b National Aeronautics and Space Administration. |b Scientific and Technical Information Office. |0 http://id.loc.gov/authorities/names/n78091121 | |
| 830 | 0 | |a NASA technical memorandum ; |v 89053. |0 http://id.loc.gov/authorities/names/n83707893 | |
| 830 | 0 | |a AVSCOM technical memorandum ; |v 87-B-7. |0 http://id.loc.gov/authorities/names/n86719947 | |
| 902 | |a MARS | ||
| 999 | f | f | |i bab7ac69-fac3-5c93-8f03-c83b8a73ab35 |s bc9de71d-4b2e-427c-93a7-be2d3bba33d9 |t 0 |
| 952 | f | f | |p Noncirculating |a University of Notre Dame |b University of Notre Dame |c Hesburgh Library |s GovDocs SuDoc Fiche |d Hesburgh Library GovDocs SuDoc Fiche [Lower Level] |t 0 |e NAS 1.15: 89053 |h Superintendent of Documents classification |i Microfiche |m SS000687964 |